000
00154nam a22000857a 4500
999
_c
12729
_d
12729
082
_a
910.4
100
_a
Sabir Badar Jafry
245
_a
Raz Joi
942
_c
BK